Culture of crambe; (Record no. 12162)

MARC details
000 -LEADER
fixed length control field 00984cam a2200253 4500
001 - CONTROL NUMBER
control field agr67000065
003 - CONTROL NUMBER IDENTIFIER
control field DLC
005 - DATE AND TIME OF LATEST TRANSACTION
control field 20260227111026.0
008 - FIXED-LENGTH DATA ELEMENTS--GENERAL INFORMATION
fixed length control field 700127s1966 dcua b 000 0 eng c
010 ## - LIBRARY OF CONGRESS CONTROL NUMBER
LC control number agr67000065
040 ## - CATALOGING SOURCE
Original cataloging agency U.S. Nat'l Agr. Libr.
Transcribing agency DLC
Modifying agency DLC
050 10 - LIBRARY OF CONGRESS CALL NUMBER
Classification number S21.Z2332 no. 95
070 0# - NATIONAL AGRICULTURAL LIBRARY CALL NUMBER
Classification number A281.9 Ag8 no. 95
100 1# - MAIN ENTRY--PERSONAL NAME
Personal name White, George A.
Fuller form of name (George Albert),
Dates associated with a name 1930-
245 10 - TITLE STATEMENT
Title Culture of crambe;
Remainder of title a new industrial oilseed crop
Statement of responsibility, etc. [by George A. White and J. J. Higgins.
260 ## - PUBLICATION, DISTRIBUTION, ETC.
Place of publication, distribution, etc. Washington]
Name of publisher, distributor, etc. Agricultural Research Service, U.S. Dept. of Agriculture
Date of publication, distribution, etc. [1966]
300 ## - PHYSICAL DESCRIPTION
Extent iv, 20 p.
Other physical details illus.
Dimensions 26 cm.
490 1# - SERIES STATEMENT
Series statement [United States. Dept. of Agriculture] Production research report
Volume/sequential designation no. 95
504 ## - BIBLIOGRAPHY, ETC. NOTE
Bibliography, etc. note "Literature cited": p. 19-20.
650 #0 - SUBJECT ADDED ENTRY--TOPICAL TERM
Topical term or geographic name entry element Crambe abyssinica.
650 #3 - SUBJECT ADDED ENTRY--TOPICAL TERM
Topical term or geographic name entry element Crambe abyssinica.
700 1# - ADDED ENTRY--PERSONAL NAME
Personal name Higgins, Joseph John,
Dates associated with a name 1924-
Relator term joint author.
810 10 - SERIES ADDED ENTRY--CORPORATE NAME
Corporate name or jurisdiction name as entry element [United States.
Subordinate unit Department of Agriculture]
Title of a work Production research report
Volume/sequential designation no. 95.

No items available.

Powered by Koha